000 00581nam a2200217Ia 4500
003 Ost
005 20250811171629.0
008 210423s2003 xx 000 0 und d
040 _cAL
041 _aEnglish
082 _a320.5
_bPRAI
100 _aSanjeev Prakash
_9122959
245 _aInvestgating social capital
260 _aNew Delhi
_bSage Publications
_c2003
365 _b795
_cINR
650 _aPolitical Ideologies
_9122960
650 _aPolitical Science
_9122961
700 _aSelle, Per
_9235035
906 _acapital ; Investgating ; social
942 _2ddc
_cBK
999 _c174122
_d174122